000 00401nam a2200145Ia 4500
008 230411s9999 xx 000 0 und d
020 _a978-93-83516-01-8
041 _aeng
082 _aX/294/RAJ/B08634
100 _aRajagopalachari Parthasarathi
_9179950
245 _aMy Master
260 _bSpiritual Hierarchy Publication Trust
_aKolkata
_c2014
300 _a239p
999 _c158246
_d158246